000 00556nam a22001937a 4500
003 KOHA_MİRAKIL
005 20251224151854.0
008 251224b tu ||||| |||| 00| 0 tur d
020 _a9786253960209
040 _aTR-AnABB
_btur
_cTR-AnABB
041 _atur
082 _a362.8292
_bERD 2023
100 1 _aErdik, Suat,
245 1 0 _aKadına yönelik şiddete karşı 6284 /
_cSuat Erdik
260 _aKonya :
_bÇizgi Kitabevi Yayınları,
_c2023
300 _a376 sayfa ;
_c22 cm
650 0 4 _aKadına yönelik şiddet
942 _2ddc
_cBK
999 _c9944
_d9944
900 _bGizem YORULMAZ